Progress in learning disabilities.
Đã lưu trong:
| Tác giả khác: | |
|---|---|
| Định dạng: | Sách |
| Ngôn ngữ: | Tiếng Anh |
| Được phát hành: |
New York :
Grune & Stratton,
1971.
|
| Những chủ đề: | |
| Các nhãn: |
Không có thẻ, Là người đầu tiên thẻ bản ghi này!
|
MARC
| LEADER | 00000cam a22000002a 4500 | ||
|---|---|---|---|
| 001 | 0000014429 | ||
| 003 | DAYSTAR | ||
| 005 | 20171002014849.0 | ||
| 008 | 030703s1971 nyu 001 0 eng d | ||
| 020 | |a 0808907115 | ||
| 040 | |a Daystar |d Mnakali | ||
| 050 | 1 | |a LC 4704 |b .P76 | |
| 245 | 0 | 0 | |a Progress in learning disabilities. |
| 260 | |a New York : |b Grune & Stratton, |c 1971. | ||
| 300 | |a 404 p. | ||
| 650 | 0 | |a Learning disabiblities. | |
| 700 | 1 | |a Myklebust, Helmer R. | |
| 908 | |a 060412 | ||
| 942 | |c G | ||
| 952 | |0 0 |1 0 |4 0 |6 LC_4704_000000000000000_P76 |7 0 |9 8005 |a DUA |b DUA |c GC |d 2017-09-28 |l 0 |o LC 4704.P76 |p BK015750 |r 2017-09-28 00:00:00 |w 2017-09-28 |x 54472 |y G | ||
| 999 | |c 5250 |d 5250 | ||